Bizarre bug records / (Record no. 7387)

MARC details
000 -LEADER
fixed length control field 00813nam a22002537a 4500
001 - CONTROL NUMBER
control field 7387
003 - CONTROL NUMBER IDENTIFIER
control field FISKH
005 - DATE AND TIME OF LATEST TRANSACTION
control field 20250711135815.0
008 - FIXED-LENGTH DATA ELEMENTS--GENERAL INFORMATION
fixed length control field 250711b cb ||||| |||| 00| 0 eng d
020 ## - INTERNATIONAL STANDARD BOOK NUMBER
International Standard Book Number 9780439874168
040 ## - CATALOGING SOURCE
Original cataloging agency FISKH
Language of cataloging eng
Transcribing agency FISKH
Modifying agency FISKH
050 ## - LIBRARY OF CONGRESS CALL NUMBER
Classification number QL467 .L43
082 ## - DEWEY DECIMAL CLASSIFICATION NUMBER
Classification number 595.7
100 ## - MAIN ENTRY--PERSONAL NAME
Personal name Lee, Celeste
245 ## - TITLE STATEMENT
Title Bizarre bug records /
Statement of responsibility, etc. Compiled by Celeste Lee and Ryan Herndon
260 ## - PUBLICATION, DISTRIBUTION, ETC.
Place of publication, distribution, etc. New York :
Name of publisher, distributor, etc. Scholastic,
Date of publication, distribution, etc. 2006
300 ## - PHYSICAL DESCRIPTION
Extent 30 pages :
Other physical details color illustrations ;
Dimensions 23 cm
490 ## - SERIES STATEMENT
Series statement Guiness world records :
Volume/sequential designation Top 10
520 ## - SUMMARY, ETC.
Summary, etc. This Guinness World Records book lists the Top 10 most bizarre bug records of all time!
650 ## - SUBJECT ADDED ENTRY--TOPICAL TERM
Topical term or geographic name entry element Animal Non-Fiction
Form subdivision Nonfiction
General subdivision Picture Book
700 ## - ADDED ENTRY--PERSONAL NAME
Personal name Herndon, Ryan
Relator term Author
942 ## - ADDED ENTRY ELEMENTS (KOHA)
Source of classification or shelving scheme Dewey Decimal Classification
Koha item type Books
Suppress in OPAC No
Holdings
Withdrawn status Lost status Source of classification or shelving scheme Damaged status Not for loan Collection Home library Current library Shelving location Date acquired Total Checkouts Full call number Barcode Date last seen Copy number Price effective from Koha item type
    Dewey Decimal Classification     Non-Fiction Footprints International School Library Network Toul Kork Campus Footprints International School Library Network Toul Kork Campus A TK Campus, 4th Floor, Room B401, Non-Fiction Bookcases(7-8) 07/11/2025   LEE 595.7 QL467 .L43 FISTK05535 07/11/2025 1 07/11/2025 Books